[Event "Tunis Ramadan Cup"]
[Site "Tunis"]
[Date "2018.06.10"]
[Round "2"]
[White "Jemai, Akram"]
[Black "Chelli, Kaies"]
[Result "1-0"]
[WhiteElo "2186"]
[BlackElo "1870"]
[PlyCount "46"]
[EventDate "2018.06.10"]
[EventType "swiss"]
[EventRounds "9"]
[EventCountry "TUN"]
[SourceTitle "CBM 185 Extra"]
[Source "ChessBase"]
[SourceDate "2018.07.29"]
[SourceVersion "1"]
[SourceVersionDate "2018.07.29"]
[SourceQuality "1"]

1. f4 d5 2. Nf3 c5 3. b3 Nc6 4. e3 Nf6 5. Bb2 e6 6. Bb5 Bd7 7. 0-0 Bd6 8. Nc3 0-0 9. Ne2 a6 10. Bxc6 Bxc6 11. Ng3 h6 12. Ne5 Rc8 13. Ng4 Be7 14. Ne5 d4 15. exd4 cxd4 16. d3 Qd5 17. Qe2 b5 18. Rf2 Bb7 19. Re1 Rc7 20. f5 Bd6 21. fxe6 fxe6 22. Ng6 Re8 23. Ne4 Nxe4 1-0